<?xml version="1.0" encoding="UTF-8"?>
<record
    xmlns:xsi="http://www.w3.org/2001/XMLSchema-instance"
    xsi:schemaLocation="http://www.loc.gov/MARC21/slim http://www.loc.gov/standards/marcxml/schema/MARC21slim.xsd"
    xmlns="http://www.loc.gov/MARC21/slim">

  <leader>01148nam2a22002411  4500</leader>
  <controlfield tag="001">rc\412571</controlfield>
  <controlfield tag="005">20250621165157.0</controlfield>
  <datafield tag="010" ind1=" " ind2=" ">
    <subfield code="a">5-280-00355-7</subfield>
  </datafield>
  <datafield tag="035" ind1=" " ind2=" ">
    <subfield code="a">(NLR Aleph) 005815573</subfield>
  </datafield>
  <datafield tag="090" ind1=" " ind2=" ">
    <subfield code="a">5427291</subfield>
    <subfield code="c">5427291</subfield>
  </datafield>
  <datafield tag="100" ind1=" " ind2=" ">
    <subfield code="a">20030616d1988    |||y0rusy50      ca</subfield>
  </datafield>
  <datafield tag="101" ind1="0" ind2=" ">
    <subfield code="a">rus</subfield>
  </datafield>
  <datafield tag="102" ind1=" " ind2=" ">
    <subfield code="a">RU</subfield>
  </datafield>
  <datafield tag="105" ind1=" " ind2=" ">
    <subfield code="a">y   |||||||||</subfield>
  </datafield>
  <datafield tag="200" ind1="1" ind2=" ">
    <subfield code="a">&#x413;&#x43B;&#x430;&#x437;&#x430; &#x43F;&#x43E;&#x433;&#x440;&#x435;&#x431;&#x435;&#x43D;&#x43D;&#x44B;&#x445;</subfield>
    <subfield code="e">&#x420;&#x43E;&#x43C;&#x430;&#x43D;</subfield>
    <subfield code="f">[&#x41F;&#x435;&#x440;. &#x42E;. &#x414;&#x430;&#x448;&#x43A;&#x435;&#x432;&#x438;&#x447;&#x430;]</subfield>
  </datafield>
  <datafield tag="215" ind1=" " ind2=" ">
    <subfield code="a">605, [2] &#x441;.</subfield>
  </datafield>
  <datafield tag="461" ind1=" " ind2="0">
    <subfield code="1">001rc\412569</subfield>
    <subfield code="1">2001#$a&#x418;&#x437;&#x431;&#x440;&#x430;&#x43D;&#x43D;&#x44B;&#x435; &#x43F;&#x440;&#x43E;&#x438;&#x437;&#x432;&#x435;&#x434;&#x435;&#x43D;&#x438;&#x44F;$e&#x412; 2 &#x442;.$e&#x41F;&#x435;&#x440;. &#x441; &#x438;&#x441;&#x43F;.$f&#x41C;&#x438;&#x433;&#x435;&#x43B;&#x44C; &#x410;&#x43D;&#x445;&#x435;&#x43B;&#x44C; &#x410;&#x441;&#x442;&#x443;&#x440;&#x438;&#x430;&#x441;$g[&#x41F;&#x440;&#x435;&#x434;&#x438;&#x441;&#x43B;. &#x41B;. &#x41E;&#x441;&#x43F;&#x43E;&#x432;&#x430;&#x442;&#x430;, &#x441;. 5-24$g&#x41A;&#x43E;&#x43C;&#x43C;&#x435;&#x43D;&#x442;. &#x413;. &#x415;&#x440;&#x448;&#x43E;&#x432;&#x43E;&#x439;]$v&#x422;. 2</subfield>
    <subfield code="1">700#1$a&#x410;&#x441;&#x442;&#x443;&#x440;&#x438;&#x430;&#x441;$b&#x41C;. &#x410;.$f1899-1974$g&#x41C;&#x438;&#x433;&#x435;&#x43B;&#x44C; &#x410;&#x43D;&#x445;&#x435;&#x43B;&#x44C;$3RU\NLR\AUTH\770261165</subfield>
    <subfield code="9">5427274</subfield>
    <subfield code="a">&#x410;&#x441;&#x442;&#x443;&#x440;&#x438;&#x430;&#x441;, &#x41C;. &#x410;. (1899-1974)</subfield>
    <subfield code="c">&#x41C;.</subfield>
    <subfield code="d">1988</subfield>
    <subfield code="f">&#x41C;&#x438;&#x433;&#x435;&#x43B;&#x44C; &#x410;&#x43D;&#x445;&#x435;&#x43B;&#x44C; &#x410;&#x441;&#x442;&#x443;&#x440;&#x438;&#x430;&#x441;</subfield>
    <subfield code="n">&#x425;&#x443;&#x434;&#x43E;&#x436;. &#x43B;&#x438;&#x442;.</subfield>
    <subfield code="o">&#x412; 2 &#x442;. : &#x41F;&#x435;&#x440;. &#x441; &#x438;&#x441;&#x43F;.</subfield>
    <subfield code="t">&#x418;&#x437;&#x431;&#x440;&#x430;&#x43D;&#x43D;&#x44B;&#x435; &#x43F;&#x440;&#x43E;&#x438;&#x437;&#x432;&#x435;&#x434;&#x435;&#x43D;&#x438;&#x44F;</subfield>
    <subfield code="y">5280003530</subfield>
    <subfield code="v">&#x422;. 2</subfield>
  </datafield>
  <datafield tag="801" ind1=" " ind2="0">
    <subfield code="a">RU</subfield>
    <subfield code="b">NLR</subfield>
    <subfield code="g">psbo</subfield>
  </datafield>
  <datafield tag="801" ind1=" " ind2="1">
    <subfield code="a">RU</subfield>
    <subfield code="b">ELAR</subfield>
    <subfield code="2">rusmarc</subfield>
  </datafield>
  <datafield tag="852" ind1=" " ind2=" ">
    <subfield code="a">NLR</subfield>
    <subfield code="j">88-3/3746</subfield>
  </datafield>
  <datafield tag="942" ind1=" " ind2=" ">
    <subfield code="c">BOOK</subfield>
  </datafield>
  <datafield tag="980" ind1=" " ind2=" ">
    <subfield code="a">NB</subfield>
  </datafield>
  <datafield tag="995" ind1=" " ind2=" ">
    <subfield code="5">2013-10-26</subfield>
    <subfield code="b">NLR01</subfield>
    <subfield code="c">NLR01</subfield>
    <subfield code="e">RF9</subfield>
    <subfield code="f">5815573-10</subfield>
    <subfield code="k">88-3/3746</subfield>
    <subfield code="o">0</subfield>
    <subfield code="r">BOOK</subfield>
    <subfield code="s">8833746_</subfield>
  </datafield>
</record>
